MDQL
is popping MORE tags! Check the
thread
!
Quizzes
Events
Quiz Creation
Community
Videos
Private Events
Remove Ads
Sign In
Join for FREE
Feedback
Dark Mode
Quiz Categories
Sports
Geography
Music
Movies
Television
Just For Fun
Miscellaneous
History
Literature
Language
Science
Gaming
Entertainment
Religion
Holiday
For Kids
Quiz Lab
Recent
Popular Today
Quiz Kudos Today
Editor Picks
Curator Picks
Quizzes by...
Day
Popularity
Type
Ratings
Length
Year
Community
Subscriptions
Recent Discussions
Orange Saloon
Badges
Playlists
Quests
Create
Leaderboards
Showdown
Live 5
Trivia Bingo
Activity
Puzzle Library
Sporcle Events
Private Events
Virtual Trivia
Globe League
Become a Host
Pub Owners
SporcleCon
Opinionation
Our Games
Videos
Blog
Mobile Apps
Partnerships
Remove Ads and Go Orange
Feedback
Movies
Disney
Marvel Cinematic Universe
Movie Resume
Movie Titles
Oscar
Actor
Actress
Director
Pixar
Role
Movie Quotes
Movie Characters
Box Office
Nominee
Best Picture
Star Wars
James Bond
Horror Movies
Movies
Disney
Marvel Cinematic Universe
Movie Resume
Movie Titles
Oscar
Actor
Actress
Director
Pixar
Role
Movie Quotes
Movie Characters
Box Office
Nominee
Best Picture
Star Wars
James Bond
Horror Movies
Random Quiz
Search Sporcle
×
Quiz Lab
Quiz Lab
Movies
Actress
Type in answers that appear in a list
Type in answers that appear in a list
Classic
Best Score? Go Orange.
Oscar Winning Actresses Not Born in America Stats
Can you name the Oscar Winning Actresses Who Weren't American
By
littlerobin56
10m
27 Questions
250 Plays
250 Plays
250 Plays
Comments
Comments
Give Quiz Kudos
Give Quiz Kudos
-
- Ratings
hide this ad
Replay
Link that replays current quiz
Next Quiz
Link to next quiz in quiz playlist
You Got
0%
They Got
Avg Score
69%
Avg Friend Score
Upgrade to see
Score Distribution
Jump to the score distribution portion of the page
Score
0/27
Timer
10:00
0
Plays Today
Movie
Actor/Actress
% Correct
Mary Poppins
Julie Andrews
96%
Black Swan
Natalie Portman
96%
Monster
Charlize Theron
94%
The Queen
Helen Mirren
94%
The Reader
Kate Winslet
94%
Blue Jasmine
Cate Blanchett
91.6%
Driving Miss Daisy
Jessica Tandy
91.2%
Roman Holiday
Audrey Hepburn
90.8%
Gone With the Wind, A Streetcar Named Desire
Vivien Leigh
85.6%
La Vie en Rose
Marion Cotillard
85.6%
BUtterfield 8, Who's Afraid of Virginia Woolf
Elizabeth Taylor
82.8%
Gaslight, Anastasia
Ingrid Bergman
78%
Howards End
Emma Thompson
77.6%
The Prime of Miss Jean Brodie
Maggie Smith
76%
Movie
Actor/Actress
% Correct
Two Women
Sophia Loren
72%
It Happened One Night
Claudette Colbert
68.4%
Women in Love, A Touch of Class
Glenda Jackson
55.6%
Darling
Julie Christie
55.2%
Mrs. Miniver
Greer Garson
52.8%
To Each His Own, The Heiress
Olivia de Havilland
52%
Suspicion
Joan Fontaine
51.2%
The Great Ziegfeld, The Good Earth
Luise Rainer
44.8%
Coquette
Mary Pickford
40.4%
Room at the Top
Simone Signoret
38.4%
The Rose Tattoo
Anna Magnani
36.8%
The Divorcee
Norma Shearer
35.2%
Min and Bill
Marie Dressler
34.8%
Quiz Playlist
Details
Report
Send in Message
Add To Playlist
Classic:
Type in answers that appear in a list
Last Updated: Feb 16, 2017
Quiz Scoreboard
CHALLENGE
Sign Up to Join the Scoreboard
Show All
Scores
Hide
Comments
May contain spoilers
Recently Published
Two Season TV Shows II
by 123Four
Television
10m
Image Sorting: Flags VI
by Barbecue
Geography
2m
Find the 'City' Movie
by crazypaving
Movies
60s
More to Explore
Quiz From the Vault
Featured Blog Post
14 Easter Pick-up Lines to Find Eggs With
hide this ad
You Might Also Like...
Tags
Actress Quiz
Oscar Quiz
Best Actress
Oscar Winners
Today's Top Quizzes in Movies
Browse Movies
hide this ad
Today's Top Quizzes in Actress
Browse Actress
Top Contributed Quizzes in Movies
1
The ultimate James Bond movie quiz
2
Find The 'Big' Movie
3
Find The 'Wild' Movie
4
Find The 'Blue' Movie
5
Movies By Plot
6
Hidden Star Wars Character II
7
Pick 5 Posters: Directed by Spielberg
8
Hidden Star Wars Character III
9
Hidden Star Wars Character IV
10
25 Best Actor Nominees (1990s)
Explore More
Trending Topics
NBA
Disney
Marvel
Anime
Harry Potter
Kpop
Crossword
WWE
Song
Country
The Office
NFL
Puzzle
Soccer
Pokémon
hide this ad
More By:
littlerobin56
Quiz
Plays
Rating
Category
Featured
Created
NHL Nationalities
436
3.00
Sports
May 12, 2014
NHL Top 10 Goal Scorers per Team
415
4.00
Sports
Feb 13, 2016
Top 10 Scorers per NHL Team
408
Sports
Jan 8, 2016
Top 10 Games Played per Team NHL
390
3.50
Sports
Feb 14, 2016
NHL Top 5 Goalie Wins per Team
342
3.67
Sports
Apr 22, 2017
Go to Creator's Profile
Score Distribution
Quiz Creator Spotlight
littlerobin56
Follow
Send a Message
Quizzes Created
-
Created Quiz Play Count
-
More By This Creator
Popular Quizzes Today
1
Find the US States - No Outlines Minefield
2
Colored Red Africa Blitz
3
Find the 'City' Movie
4
5x2 Blitz: Bands
5
The Countries of the World
6
Find the Countries of Europe - No Outlines Minefield
7
Find the US States
8
US States
More Movies Quizzes
1998 Movie Actress Huge Gallery
Quiz Lab
Trending Quizzes
Colored Red Europe Blitz I
Colored Red Africa Blitz II
Colored Red Europe Blitz II
Colored Red Africa Blitz III
Even More Two Season TV Shows
Recently Updated
March Madness Men's Triple Doubles
pecheneg
How Do You Spell That?
pecheneg
Godzilla Movies
pecheneg
Grab Bag: 4-10 Letters
pecheneg
2024 March Madness Bracket
pecheneg
Famous TV Couples
Peacemaker
Champions League XIs: Real Madrid
pecheneg
Largest US Cities 1790-2010
pecheneg
Rides in Walt Disney World
pecheneg
Most Oscar Losses (Acting)
pecheneg
Trending Topics
Crossword
Harry Potter
NBA
Marvel
Kpop
Disney
Anime
Country
NFL
Puzzle
WWE
Pokémon
Soccer
Song
The Office
Your Account Isn't Verified!
In order to create a playlist on Sporcle, you need to verify the email address you used during registration. Go to your
Sporcle Settings
to finish the process.
Report this User
Report this user for behavior that violates our
Community Guidelines
.
Details:
Send Report
Go to the Sporcle.com Mobile Site →
Comments